[Event "Buenos Aires Duchamp Memorial op 5th"]
[Site "Buenos Aires"]
[Date "2013.03.24"]
[Round "2"]
[White "Martinez, Horacio"]
[Black "Iermito, Sebastian"]
[Result "0-1"]
[WhiteElo "2121"]
[BlackElo "2463"]
[PlyCount "76"]
[EventDate "2013.03.23"]
[EventType "swiss"]
[EventRounds "8"]
[EventCountry "ARG"]
[SourceTitle "CBM 153 Extra"]
[Source "ChessBase"]
[SourceDate "2013.04.22"]
[SourceVersion "1"]
[SourceVersionDate "2013.04.22"]
[SourceQuality "1"]

1. d4 Nf6 2. c4 c5 3. d5 e6 4. Nc3 exd5 5. cxd5 d6 6. e4 g6 7. f4 Bg7 8. Nf3 0-0 9. Bd3 Bg4 10. 0-0 Nbd7 11. h3 Bxf3 12. Qxf3 a6 13. a4 Qa5 14. Be3 Rac8 15. Bc2 Rfe8 16. Bf2 c4 17. Bd4 Nc5 18. Rae1 Nfd7 19. Qf2 Bxd4 20. Qxd4 Qb6 21. Rf2 Nxa4 22. Qxb6 Naxb6 23. Rfe2 Nc5 24. Re3 Re7 25. e5 Rce8 26. Kf2 dxe5 27. fxe5 Nbd7 28. e6 fxe6 29. d6 Rf7+ 30. Kg1 Rc8 31. Ne4 Nxe4 32. Bxe4 Nc5 33. Bf3 Rd8 34. Rd1 Rfd7 35. Re5 b6 36. Rd4 Rxd6 37. Rxc4 Rd4 38. Rc3 Kf7 0-1

[Event "Lubbock SPICE Cup op"]
[Site "Lubbock"]
[Date "2008.09.27"]
[Round "1"]
[White "Ramirez Alvarez, Alejandro"]
[Black "Martinez, Horacio"]
[Result "1-0"]
[WhiteElo "2531"]
[BlackElo "2152"]
[PlyCount "51"]
[EventDate "2008.09.27"]
[EventType "swiss"]
[EventRounds "5"]
[EventCountry "USA"]
[SourceTitle "CBM 126 Extra"]
[Source "ChessBase"]
[SourceDate "2008.11.05"]
[SourceVersion "1"]
[SourceVersionDate "2008.11.05"]
[SourceQuality "1"]

1. e4 c5 2. Nc3 d6 3. Nf3 Nf6 4. d4 cxd4 5. Nxd4 a6 6. Be2 e5 7. Nb3 Be7 8. 0-0 0-0 9. Kh1 b6 10. f3 Bb7 11. Be3 b5 12. a4 b4 13. Nd5 Nxd5 14. exd5 Nd7 15. a5 Rc8 16. Bd3 f5 17. Ra4 Bxd5 18. Bxa6 Bxb3 19. cxb3 Ra8 20. Qd5+ Kh8 21. Bb7 Rb8 22. a6 Nb6 23. Bxb6 Qxb6 24. a7 Qxb7 25. Qxb7 Rxb7 26. a8Q 1-0